ბათუმის შოთა რუსთაველის სახელმწიფო უნივერსიტეტის ბიბლიოთეკა

ჩანაწერი Personal Name

ჩანაწერთა რაოდენობა, რომელიც გამოყენებულია: 1

001 - CONTROL NUMBER

  • control field: 25724

003 - CONTROL NUMBER IDENTIFIER

  • control field: GE_BSU

005 - DATE AND TIME OF LATEST TRANSACTION

  • control field: 20250801112632.0

008 - FIXED-LENGTH DATA ELEMENTS

  • fixed length control field: 250801|| aca||aabn | a|a d

040 ## - CATALOGING SOURCE

  • Original cataloging agency: GE_BSU
  • Transcribing agency: GE_BSU

100 ## - HEADING--PERSONAL NAME

  • Personal name: წვერავა, ვლადიმერ
  • Relator term: რედაქტორი

670 ## - SOURCE DATA FOUND

  • Source citation: Work cat.: (GE_BSU): ბასილაძე, გიგა. 25723, ნიკო ნიკოლაძის ეროვნული კონცეფცია და მისი საზოგადოებრივ-პუბლიცისტური მოღვაწეობა XIX ს-ის 70-80-იან წლებში :